Skip to main content
Your cart is empty.
Your lists
Log in to create your own lists
Your cookies
العربية
English
العربية
Home
Search
Advanced search
Authority search
About
The noble scholar, jurist, historian
His Excellency Dr. Abdul Wahhab bin Ibrahim Abu Sulaiman, may Allah have mercy on him.
He was born in Umm Al-Qura in the year 1356 AH.
Library catalog
Title
Author
Subject
ISBN
ISSN
Series
Call number
Log in to your account
×
Login:
Password:
Home
MARC view: نبذ من كتاب ملخص الفطن والألباب ومصباح الهدى للكتاب :
Normal view
MARC view
ISBD view
نبذ من كتاب ملخص الفطن والألباب ومصباح الهدى للكتاب : (Record no. 14309)
[
view plain
]
MARC details
000 -LEADER
fixed length control field
01716cam a2200337 i 4500
003 - CONTROL NUMBER IDENTIFIER
control field
OSt
005 - DATE AND TIME OF LATEST TRANSACTION
control field
20260211125155.0
008 - FIXED-LENGTH DATA ELEMENTS--GENERAL INFORMATION
fixed length control field
260205s2022 xx abh g b 001 0 ara c
020 ## - INTERNATIONAL STANDARD BOOK NUMBER
International Standard Book Number
9789778597639
024 0# - OTHER STANDARD IDENTIFIER
Standard number or code
30018000223308
040 ## - CATALOGING SOURCE
Original cataloging agency
SA-JeALM
Language of cataloging
ara
Transcribing agency
SA-RiAUC
Modifying agency
AE-AdNA
Description conventions
rda
043 ## - GEOGRAPHIC AREA CODE
Geographic area code
a-ye---
050 #4 - LIBRARY OF CONGRESS CALL NUMBER
Item number
.H87 2022
082 04 - DEWEY DECIMAL CLASSIFICATION NUMBER
Classification number
257.209532
Assigning agency
SA-RiAUC
090 ## - LOCALLY ASSIGNED LC-TYPE CALL NUMBER (OCLC); LOCAL CALL NUMBER (RLIN)
Classification number (OCLC) (R) ; Classification number, CALL (RLIN) (NR)
257.209532
Local cutter number (OCLC) ; Book number/undivided call number, CALL (RLIN)
ح س ي
100 1# - MAIN ENTRY--PERSONAL NAME
Personal name
الحسيني، الحسن بن علي الشريف
Relator term
مؤلف.
245 10 - TITLE STATEMENT
Title
نبذ من كتاب ملخص الفطن والألباب ومصباح الهدى للكتاب :
Statement of responsibility, etc.
تأليف الحسن بن علي الشريف الحسيني ؛ دراسة وتحقيق طلال جميل الرفاعي.
250 ## - EDITION STATEMENT
Edition statement
الطبعة الأولى.
264 #1 - PRODUCTION, PUBLICATION, DISTRIBUTION, MANUFACTURE, AND COPYRIGHT NOTICE
Place of production, publication, distribution, manufacture
مكة المكرمة :
Name of producer, publisher, distributor, manufacturer
المكتبة التجارية،
Date of production, publication, distribution, manufacture, or copyright notice
1992
300 ## - PHYSICAL DESCRIPTION
Extent
92 صفحة :
Other physical details
جداول، خرائط، مثيليات ؛
Dimensions
24 سم.
336 ## - CONTENT TYPE
Content type term
نص
Content type code
txt
Source
rdacontent
Materials specified
كتاب
337 ## - MEDIA TYPE
Media type term
بدون وسيط
Media type code
n
Source
rdamedia
500 ## - GENERAL NOTE
General note
اهداء من المحقق طلال جميل الرفاعي الى الشيخ رحمه الله بتاريخ 2 / 2 / 1416 هـ
650 #7 - SUBJECT ADDED ENTRY--TOPICAL TERM
Topical term or geographic name entry element
الإسلام والإدارة المالية
Source of heading or term
aucsh
650 #7 - SUBJECT ADDED ENTRY--TOPICAL TERM
Topical term or geographic name entry element
النظام المالي في الإسلام
Geographic subdivision
اليمن
Source of heading or term
aucsh
651 #7 - SUBJECT ADDED ENTRY--GEOGRAPHIC NAME
Geographic name
اليمن
General subdivision
تاريخ
Chronological subdivision
بنو رسول، 1453
Source of heading or term
aucsh
700 1# - ADDED ENTRY--PERSONAL NAME
Personal name
الرفاعي، طلال جميل
Relator term
محقق.
700 12 - ADDED ENTRY--PERSONAL NAME
Personal name
الحسيني، الحسن بن علي الشريف.
Relationship information
تحقيق لـ :
Title of a work
نبذ من كتاب ملخص الفطن والألباب ومصباح الهدى للكتاب
942 ## - ADDED ENTRY ELEMENTS (KOHA)
Source of classification or shelving scheme
Dewey Decimal Classification
Koha item type
Books
Suppress in OPAC
No
949 ## - LOCAL PROCESSING INFORMATION (OCLC)
a
SA-JeALM
d
260205
u
osman123
n
1
Holdings
Withdrawn status
Lost status
Source of classification or shelving scheme
Damaged status
Not for loan
Home library
Current library
Date acquired
Total checkouts
Full call number
Barcode
Date last seen
Price effective from
Koha item type
Dewey Decimal Classification
DR AbdElwahab Library
DR AbdElwahab Library
02/11/2026
257.209532 ح س ي
000022714
02/11/2026
02/11/2026
Books
Place hold
Print
Add to your cart
(remove)
Save record
BIBTEX
Dublin Core
MARCXML
MARC (non-Unicode/MARC-8)
MARC (Unicode/UTF-8)
MARC (Unicode/UTF-8, Standard)
MODS (XML)
RIS
ISBD
More searches
Search for this title in:
Other Libraries (WorldCat)
Other Databases (Google Scholar)
Online Stores (Bookfinder.com)
Open Library (openlibrary.org)
Exporting to Dublin Core...
×
Simple DC-RDF
OAI-DC
SRW-DC